[Event "Treviso op-B 4th"]
[Site "Treviso"]
[Date "2023.04.01"]
[Round "3"]
[White "Marson, Eva Jane"]
[Black "Simonetto, Denis"]
[Result "1-0"]
[WhiteElo "1584"]
[BlackElo "1191"]
[PlyCount "47"]
[EventDate "2023.03.31"]
[EventType "swiss"]
[EventRounds "5"]
[EventCountry "ITA"]
[SourceTitle "EXT 2024"]
[Source "ChessBase"]
[SourceDate "2023.10.10"]
[SourceVersion "1"]
[SourceVersionDate "2023.10.10"]
[SourceQuality "1"]

1. e4 b6 2. d4 Bb7 3. Nc3 e6 4. a3 d5 5. exd5 exd5 6. Bf4 Bd6 7. Bg3 Ne7 8. Nf3 0-0 9. Bd3 Bc8 10. 0-0 Bf5 11. Nxd5 Nbc6 12. Nxe7+ Nxe7 13. Bxd6 Qxd6 14. Bxf5 Nxf5 15. c3 Rad8 16. Qc2 g6 17. Rfe1 f6 18. Rad1 Qc6 19. Qb3+ Kh8 20. c4 Rfe8 21. d5 Rxe1+ 22. Rxe1 Qc5 23. Qc3 Rd6 24. b4 1-0